000 00207 a2200097 4500
001 45203
100 _aBrimm D.J
245 _aAircraft maintenance
260 _aNew York
_bPitman
_c
090 _c28390
_d28390
942 _aNUST-CAE
_cM
_c20436
999 _c280276
_d280276